000
00338 a2200157 4500
001
164169
020
_a
040
_c
Magnum
100
_a
Prieto, Heloisa
240
1
0
_a
Divinas aventuras
_l
por
245
1
0
_a
Divinas aventuras
362
0
_a
1899
440
1
_a
Companhia das Letrinhas
697
_a
IJ/LENDAS, FOLCLORE
942
_c
BK
999
_c
164169
_d
164169